| 000 | 01090cam a2200325 i 4500 | ||
|---|---|---|---|
| 999 |
_c528042 _d528042 |
||
| 001 | 4156179 | ||
| 003 | NUST | ||
| 005 | 20190826110251.0 | ||
| 008 | 781109s1979 nyua b 001 0 eng | ||
| 010 | _a 78026143 | ||
| 020 | _a0195200926 | ||
| 020 | _a0195200934 (pbk.) | ||
| 038 | _aM.Ramzan | ||
| 040 |
_aDLC _cDLC _dDLC |
||
| 043 | _ad------ | ||
| 050 | 0 | 0 |
_aHE951 _b.B46 |
| 082 | 0 | 0 |
_a387.1 _2BEN |
| 100 | 1 |
_aBennathan, Esra. _919564 |
|
| 245 | 1 | 0 |
_aPort pricing and investment policy for developing countries / _cEsra Bennathan and A. A. Walters. |
| 260 |
_aNew York : _bPublished for the World Bank [by] Oxford University Press, _cc1979. |
||
| 300 |
_axv, 230 p. : _bill. ; _c23 cm. |
||
| 500 | _aIncludes index. | ||
| 504 | _aBibliography: p. 220-224. | ||
| 650 | 0 |
_aHarbors _xPort charges. _919565 |
|
| 650 | 0 |
_aHarbors _zDeveloping countries _xFinance. _919566 |
|
| 650 | 0 |
_aInvestments, Foreign _zDeveloping countries. _919567 |
|
| 700 | 1 |
_aWalters, A. A. _q(Alan Arthur), _d1926-2009. _919568 |
|
| 906 |
_a7 _bcbc _corignew _d1 _eocip _f19 _gy-gencatlg |
||
| 942 |
_2ddc _cBK |
||